000 00686 a2200289 4500
260 _aParis
630 _a62 - Ingenierie. Art de lingenieur. Technologie en general
037 _b1, WVSC
650 _a6 - SCIENCES APPLIQUEES
100 _aMonot, Philippe
700 _aSimon, Michel
260 _bEd. de l'atelier
260 _bEd. ouvrières
245 _aHabiter le cybermonde
300 _a188 p.
650 _aInternet
650 _aInformatique : réseau et télématique
260 _c1998
300 _b23 cm
100 _lFr
037 _aL 15188
440 _aComment
440 _x1275-0654
020 _a2-7082-3343-2
999 _c43210
_d43210